000 00836nam a2200229Ia 4500
003 OSt
005 20220923222234.0
006 a|||||r|||| 00| 0
007 ta
008 220922b |||||||| |||| 00| 0 hin d
024 _a203,915
037 _cTextual
040 _aARTS
_cARTS
_bhin
041 _2hin
_ahin
082 _aO153,3N19x, 152L3
100 _aअमृता प्रीतम; जैन, लक्ष्मीचंद्, संपा.
_9166406
245 0 _aअमृता प्रीतम की श्रेष्ठ रचनाएं
246 _aAmṛutā prītam kī shreṣhṭha rachanāean
260 _c1973
942 _hO153,3N19x, 152L3
_cTEXL
_2CC
999 _c354665
_d354665